| 000 | 01821nam a2200349 a 4500 | ||
|---|---|---|---|
| 001 | ebr10715655 | ||
| 003 | CaPaEBR | ||
| 006 | m o u | ||
| 007 | cr cn||||||||| | ||
| 008 | 111228s2012 vaua sb 001 0 eng d | ||
| 010 | _z 2011045856 | ||
| 020 | _z9780784411964 (paper) | ||
| 020 | _z9780784476468 (e-book) | ||
| 040 |
_aCaPaEBR _cCaPaEBR |
||
| 035 | _a(OCoLC)849949821 | ||
| 050 | 1 | 4 |
_aTA653 _b.A38 2012eb |
| 082 | 0 | 4 |
_a624.1/821 _223 |
| 245 | 0 | 0 |
_aAdvanced analysis in steel frame design _h[electronic resource] : _bguidelines for direct second-order inelastic advanced analysis / _csponsored by Special Project Committee on Advanced Analysis of the Technical Committee on Structural Members, The Structural Engineering Institute (SEI) of the American Society of Civil Engineers ; edited by Andrea E. Surovek. |
| 260 |
_aReston, Va. : _bAmerican Society of Civil Engineers, _cc2012. |
||
| 300 |
_avi, 51 p. : _bill. |
||
| 504 | _aIncludes bibliographical references and index. | ||
| 505 | 0 | _apt. 1. Introduction -- pt. 2. Design rules -- pt. 3. Background and commentary -- pt. 4. Benchmarks. | |
| 533 |
_aElectronic reproduction. _bPalo Alto, Calif. : _cebrary, _d2013. _nAvailable via World Wide Web. _nAccess may be limited to ebrary affiliated libraries. |
||
| 650 | 0 | _aElastic analysis (Engineering) | |
| 650 | 0 |
_aSteel framing (Building) _xDesign and construction. |
|
| 650 | 0 | _aStructural design. | |
| 655 | 7 |
_aElectronic books. _2local |
|
| 700 | 1 |
_aSurovek, Andrea Eden, _d1965- |
|
| 710 | 2 |
_aStructural Engineering Institute. _bTechnical Committee on Structural Members. _bSpecial Project Committee on Advanced Analysis. |
|
| 710 | 2 | _aebrary, Inc. | |
| 856 | 4 | 0 |
_uhttp://site.ebrary.com/lib/rucke/Doc?id=10715655 _zAn electronic book accessible through the World Wide Web; click to view |
| 999 |
_c41282 _d41282 |
||